A dictionary of the martial arts / (Record no. 12880)

000 -LEADER
fixed length control field 00467nam a2200181 a 4500
020 ## - INTERNATIONAL STANDARD BOOK NUMBER
ISBN 0804817537 :
020 ## - INTERNATIONAL STANDARD BOOK NUMBER
ISBN 0804817502 (pbk.)
040 ## - CATALOGING SOURCE
Transcribing agency DLC
041 1# - LANGUAGE CODE
Language code of original and/or intermediate translations of text fre
082 00 - DEWEY DECIMAL CLASSIFICATION NUMBER
Classification number 796 CHA 1991 A086 Or.
100 0# - MAIN ENTRY--AUTHOR NAME
Personal name Louis-Frédéric,
245 12 - TITLE STATEMENT
Title A dictionary of the martial arts /
260 ## - PUBLICATION, DISTRIBUTION, ETC. (IMPRINT)
Place of publication Rutland, Vt. :
Name of publisher Charles E. Tuttle Co.,
Year of publication 1991.
300 ## - PHYSICAL DESCRIPTION
Number of Pages 276 p. :
Other physical details ill. ;
Dimensions 24 cm.
650 #0 - SUBJECT ADDED ENTRY--TOPICAL TERM
Topical Term Martial arts
700 1# - ADDED ENTRY--PERSONAL NAME
Personal name Crompton, Paul H.,
942 ## - ADDED ENTRY ELEMENTS (KOHA)
Koha item type សៀវភៅភាសាអង់គ្លេស
952 ## - LOCATION AND ITEM INFORMATION (KOHA)
Withdrawn status [LOCAL, KOHA] 0
Holdings
Permanent Location Date acquired Koha item type Lost status Shelving location Barcode Current Location Full call number
Library Block A2017-08-18សៀវភៅភាសាអង់គ្លេស A088A14512Library Block A796 CHA 1991 A086 Or.
មជ្ឈមណ្ឌលឯការនៃសាកលវិទ្យាល័យភូមិន្ទកសិកម្មចំការដូង

Powered by Koha